COMPILERS PRINCIPLES TECHNIQUES AND TOOLS / (Record no. 589320)

000 -LEADER
fixed length control field 00361nam a22001457a 4500
020 ## - INTERNATIONAL STANDARD BOOK NUMBER
Qualifying information PB.
040 ## - CATALOGING SOURCE
Transcribing agency FIZZA ISHAQ
082 ## - DEWEY DECIMAL CLASSIFICATION NUMBER
Classification number 005.453
Author Mark ALF
100 ## - MAIN ENTRY--PERSONAL NAME
Personal name AHO,V.ALFRED.
9 (RLIN) 91166
245 ## - TITLE STATEMENT
Title COMPILERS PRINCIPLES TECHNIQUES AND TOOLS /
Statement of responsibility, etc. ALFRED V.AHO.
250 ## - EDITION STATEMENT
Edition statement 2nd ED.
260 ## - PUBLICATION, DISTRIBUTION, ETC.
Place of publication, distribution, etc. LONDON ;
Name of publisher, distributor, etc. PEARSON,
Date of publication, distribution, etc. 2014.
300 ## - PHYSICAL DESCRIPTION
Extent 942 P. ;
942 ## - ADDED ENTRY ELEMENTS (KOHA)
Source of classification or shelving scheme
Koha item type Book
Holdings
Withdrawn status Lost status Source of classification or shelving scheme Damaged status Not for loan Permanent Location Current Location Date acquired Total Checkouts Full call number Barcode Date last seen Price effective from Koha item type
          NUST Baluchistan Campus (NBC) NUST Baluchistan Campus (NBC) 04/21/2022   005.453 ALF Q-3020 04/21/2022 04/21/2022 Book
© 2023 Central Library, National University of Sciences and Technology. All Rights Reserved.